| Tag |
First Indicator |
Second Indicator |
Subfields |
| LEADER |
00000nam a2200000Ia 4500 |
| 001 |
in00004184591 |
| 005 |
20200807090104.0 |
| 006 |
m g d |
| 007 |
cr bn |||a|bb| |
| 008 |
820923s1660 enk o 00| | eng d |
| 035 |
|
|
|a (OCoLC)8801319
|
| 040 |
|
|
|a EEU
|c EEU
|d WaOLN
|
| 037 |
|
|
|a CL0037000043
|b ProQuest Information and Learning. 300 N. Zeeb Rd., Ann Arbor, MI 48106
|
| 049 |
|
|
|a EEUB
|
| 090 |
|
|
|a BV810
|b .A55
|
| 100 |
1 |
|
|a Allen, William,
|d d. 1686.
|
| 245 |
1 |
2 |
|a A retraction of separation :
|b wherein VI arguments formerly erected for the service of separation upon the account of infant baptisme are taken down, and VI other arguments for saints generall communion, though of different perswasion, are erected in their room : together with a patheticall swasive to unity, peace, and concord as our generation-work in speciall /
|c by William Allen.
|
| 260 |
|
|
|a London :
|b Printed by M.S. for Henry Crips,
|c 1660.
|
| 300 |
|
|
|a 1 online resource ([5], 71 pages)
|
| 336 |
|
|
|a text
|b txt
|2 rdacontent
|
| 337 |
|
|
|a computer
|b c
|2 rdamedia
|
| 338 |
|
|
|a online resource
|b cr
|2 rdacarrier
|
| 500 |
|
|
|a Reproduction of original in the Dr. Williams' Library.
|
| 510 |
4 |
|
|a Wing
|c A1071.
|
| 533 |
|
|
|a Electronic reproduction.
|b Ann Arbor, Mich. :
|c UMI,
|d 1999-
|f (Early English books online)
|n Digital version of: (Early English books, 1641-1700 ; 1273:8)
|7 s1999 miun s
|
| 650 |
|
0 |
|a Baptism.
|
| 650 |
|
0 |
|a Theology, Doctrinal.
|
| 830 |
|
0 |
|a Early English books online.
|
| 856 |
4 |
0 |
|u http://proxy.library.tamu.edu/login?url=https://search.proquest.com/docview/2264214932
|z Connect to the full text of this electronic book
|t 0
|
| 999 |
f |
f |
|s bb64314a-267d-3978-8d1a-4347b3bcc186
|i b6888276-93ec-35ac-8073-99b1a295ba61
|t 0
|
| 952 |
f |
f |
|a Texas A&M University
|b College Station
|c Electronic Resources
|d Available Online
|t 0
|e BV810 .A55
|h Library of Congress classification
|
| 998 |
f |
f |
|a BV810 .A55
|t 0
|l Available Online
|